000 01874cam a22003134a 4500
005 20250605164134.0
008 250528s ||||||||||||||||||||||||d
035 _a18698
020 _a9605240521
040 _aGR-AtMCL
_bgre
_dGR-AtMCL
_eAACR2
245 1 _aΕισαγωγή στη Φιλοσοφία της Επιστήμης / Δεύτερη Έκδοση
250 _a
260 _bΠανεπιστημιακές Εκδόσεις Κρήτης,
_c1999
300 _a644
520 _aΤο έργο συνιστά ένα πλήρες διδακτικό εγχειρίδιο μεταπτυχιακού επιπέδου, ενώ κάθε κεφάλαιο αποβλέπει στην κατά το δυνατόν πλήρη κριτική παρουσίαση του τρέχοντος προβληματισμού στην αντίστοιχη περιοχή, όπως και τη συναφή αποτίμηση. Πρόλογος, Εισαγωγή, Θέματα Γενικού Ενδιαφέροντος στη Φιλοσοφία της Επιστήμης, Η Φιλοσοφία των Φυσικών Επιστημών, Η Φιλοσοφία της Βιολογίας και της Ιατρικής, Φιλοσοφία των Επιστημών της Συμπεριφοράς και των Κοινωνικών Επιστημών, Βιβλιογραφία, Ευρετήριο Ονομάτων και Εννοιών.
700 1 _aEarman John
_94949
700 1 _aGlymour Clark
_94950
700 1 _aLennox James G
_94951
700 1 _aMachamer Peter
_94952
700 1 _aMcguire J. E
_94953
700 1 _aNorton John D
_94954
700 1 _aSalmon Merrilee H
_94955
700 1 _aSalmon Wesley C
_94956
700 1 _aSchaffner Kenneth F
_94957
700 1 _aΜπαλτάς Αριστείδης
_94958
942 _cBK
999 _c4025
_d4025